Christian Boltanski : (Record no. 659)
[ view plain ]
| 000 -LEADER | |
|---|---|
| campo de control de longitud fija | 00978cam a22002537a 4500 |
| 001 - NÚMERO DE CONTROL | |
| campo de control | 12793939 |
| 005 - FECHA Y HORA DE LA ÚLTIMA TRANSACCIÓN | |
| campo de control | 20220326193327.0 |
| 008 - DATOS DE LONGITUD FIJA--INFORMACIÓN GENERAL | |
| campo de control de longitud fija | 020517s2001 gw a 000 0 mul |
| 010 ## - NÚMERO DE CONTROL DE LA BIBLIOTECA DEL CONGRESO | |
| Número de control de LC | 2002492177 |
| 020 ## - NÚMERO INTERNACIONAL ESTÁNDAR DEL LIBRO | |
| Número Internacional Estándar del Libro | 3883755443 |
| 040 ## - FUENTE DE CATALOGACIÓN | |
| Centro catalogador/agencia de origen | DLC |
| Centro/agencia transcriptor | DLC |
| 041 0# - CÓDIGO DE IDIOMA | |
| Código de lengua del texto/banda sonora o título independiente | engfreger |
| 082 ## - NÚMERO DE LA CLASIFICACIÓN DECIMAL DEWEY | |
| Número de clasificación | 708 |
| Número de ítem | B 694v |
| 100 1# - ENTRADA PRINCIPAL--NOMBRE DE PERSONA | |
| Nombre de persona | Boltanski, Christian, |
| Fechas asociadas al nombre | 1944- |
| 9 (RLIN) | 2956 |
| 245 10 - MENCIÓN DEL TÍTULO | |
| Título | Christian Boltanski : |
| Resto del título | la vie impossible : Anhaltische Gemäldegalerie Dessau, [18.11.2001 bis 6.1.2002] / |
| Mención de responsabilidad, etc. | [herausgegeber: Norbert Michels ; redaktion: Norbert Michels und Brigitte Thee]. |
| 260 ## - PUBLICACIÓN, DISTRIBUCIÓN, ETC. | |
| Lugar de publicación, distribución, etc. | Köln : |
| Nombre del editor, distribuidor, etc. | W. König, |
| Fecha de publicación, distribución, etc. | c2001. |
| 300 ## - DESCRIPCIÓN FÍSICA | |
| Extensión | 1 v. (unpaged) : |
| Otras características físicas | ill. ; |
| Dimensiones | 26 cm. |
| 500 ## - NOTA GENERAL | |
| Nota general | French, German and English. |
| 600 ## - PUNTO DE ACCESO ADICIONAL DE MATERIA--NOMBRE DE PERSONA | |
| Nombre de persona | Boltanski, Christian |
| Fechas asociadas al nombre | 1944 |
| Subdivisión general | Exhibiciones |
| 9 (RLIN) | 2957 |
| 650 ## - PUNTO DE ACCESO ADICIONAL DE MATERIA--TÉRMINO DE MATERIA | |
| Subdivisión general | Artistas-portafolio-Exhibiciones |
| -- | Arte moderno |
| 9 (RLIN) | 2958 |
| 700 1# - ENTRADA AGREGADA--NOMBRE PERSONAL | |
| Nombre de persona | Michels, Norbert. |
| 9 (RLIN) | 2959 |
| 906 ## - ELEMENTOS DE DATOS F LOCAL, LDF (RLIN) | |
| a | 7 |
| b | cbc |
| c | origres |
| d | 4 |
| e | ncip |
| f | 20 |
| g | y-gencatlg |
| Estatus retirado | Estado de pérdida | Fuente del sistema de clasificación o colocación | Estado de daño | No para préstamo | Biblioteca de origen | Biblioteca actual | Ubicación en estantería | Fecha de adquisición | Total de préstamos | Signatura topográfica completa | Código de barras | Visto por última vez | Precio de reemplazo | Tipo de ítem Koha |
|---|---|---|---|---|---|---|---|---|---|---|---|---|---|---|
| Clasificación Decimal Dewey | Biblioteca LadoV | Biblioteca LadoV | 05/06/2015 | 708 B 694v | 004048 | 05/06/2015 | 05/06/2015 | Material 01 |
